| Поле | Название | Значение |
| |
Тип записи |
a |
| |
Библиографический уровень |
m |
| 001 |
Контрольный номер |
bff527c902f74254bfd2a4f618508b31 |
| 005 |
Дата корректировки |
20160921091927.0 |
| 010 |
Индекс ISBN |
__ |
| a |
ISBN |
978-5-392-11505-1 |
| 101 |
Язык документа |
0_ |
| a |
Язык текста |
rus |
| 102 |
Страна публикации |
__ |
| a |
Страна публикации |
RU |
| 200 |
Заглавие и сведения об ответственности |
1_ |
| a |
Заглавие |
Управление человеческими ресурсами. Теория и практика |
| b |
Общее обозначение материала |
Текст |
| e |
Сведения, относящиеся к заглавию |
учебник |
| 210 |
Выходные данные |
1_ |
| a |
Место издания |
М. |
| c |
Издательство |
Проспект |
| d |
Дата издания |
2014 |
| 215 |
Физическое описание |
__ |
| a |
Объем |
688 с. |
| 330 |
Аннотация |
__ |
| a |
Аннотация |
Текст учебника соответствует принятой на сегодняшний день в мире концепции этого курса, которая утверждается и в России. эта концепция предполагает, что курс Управление персоналом (человеческими ресурсами), или HR-Management, должен охватывать в комплексе все вопросы, связанные с управлением людьми. Для студентов вузов. |
| 606 |
Тематические рубрики |
__ |
| a |
Основная рубрика |
Менеджмент |
| 610 |
Ключевые слова |
0_ |
| a |
Ключевые слова |
служба персонала |
| a |
Ключевые слова |
кадровая работа |
| a |
Ключевые слова |
методы оценки |
| a |
Ключевые слова |
аттестация |
| a |
Ключевые слова |
карьера |
| a |
Ключевые слова |
условия труда |
| a |
Ключевые слова |
экономика персонала |
| a |
Ключевые слова |
трудовой коллектив |
| a |
Ключевые слова |
руководитель |
| a |
Ключевые слова |
психологические типы |
| a |
Ключевые слова |
права и обязанности |
| a |
Ключевые слова |
материальная ответственность |
| a |
Ключевые слова |
коммуникации |
| a |
Ключевые слова |
организационная культура |
| 686 |
Индексы других классификаций |
__ |
| a |
Классификационный индекс |
65.291.6-21 |
| 700 |
Автор |
_1 |
| a |
Фамилия |
Веснин |
| b |
Имя |
Р. В. |
| 801 |
Источник записи |
_0 |
| a |
Страна |
RU |
| b |
Организация |
РУК |
| c |
Дата составления |
20141210 |
| g |
Правила каталогизации |
PSBO |
| 801 |
Источник записи |
_1 |
| a |
Страна |
RU |
| b |
Организация |
РУК |
| c |
Дата составления |
20141210 |
| g |
Правила каталогизации |
PSBO |
| 852 |
Данные о местонахождении |
__ |
| i |
Авторский знак |
В 38 |
| j |
Шифр хранения |
65.291.6-21 |
| 901 |
Тип документа |
__ |
| t |
Тип документа |
m |
| 937 |
Технологическая информация |
__ |
| a |
Создатель записи (имя) |
Фомина |
| 938 |
Служебная информация |
__ |
| a |
Название организации |
Волгоградский филиал |
| 952 |
Тип литературы |
__ |
| b |
Гриф литературы для ВШ |
гриф |
| c |
Вид литературы |
учебник |